| 000 | 00656nas a2200229 4500 | ||
|---|---|---|---|
| 001 | BR8403427 | ||
| 003 | BR-BrBNA | ||
| 005 | 20231205085941.0 | ||
| 007 | ta | ||
| 008 | 230509b bl.|||p| |||| 00| 00por d | ||
| 040 |
_aBR-BrBNA _bpor _cBiblioteca Nacional de Agricultura |
||
| 041 | _a(Pt) | ||
| 072 | _aL30 | ||
| 100 | 1 | _aCampos, O.F. de | |
| 245 | 1 | _aAleitamento artificial na criacao de bezerros | |
| 650 | _aBEZERRO | ||
| 650 | _aALEITAMENTO ARTIFICIAL | ||
| 650 | _aCRIACAO | ||
| 773 | 0 |
_tBalde Branco (Brazil) _xISSN 0005-4275 _g(May 1984), v. 18(235) p. 28-34 _wBR8403427 |
|
| 909 |
_a202311 _bLúcia _c55 _dLúcia Elande |
||
| 942 |
_2AGRIS _n0 _cANA |
||
| 999 |
_c115057 _d115057 |
||